Success of family company: critical evidence from the United States
Vymedzenie rodinných spoločností v ekonomickej literatúre. Rodinné spoločnosti v USA.
Uložené v:
| Hlavný autor: | |
|---|---|
| Médium: | Kapitola |
| Jazyk: | English |
| Predmet: | |
| Tagy: |
Žiadne tagy, Buďte prvý, kto otaguje tento záznam!
|
MARC
| LEADER | 00000naa a2200000 4500 | ||
|---|---|---|---|
| 001 | 0227816 | ||
| 005 | 20221019172947.9 | ||
| 041 | 0 | |a eng | |
| 044 | |a CZ | ||
| 245 | 1 | 0 | |a Success of family company: critical evidence from the United States |c Anastasia Petlina |
| 520 | |a Vymedzenie rodinných spoločností v ekonomickej literatúre. Rodinné spoločnosti v USA. | ||
| 610 | 2 | 0 | |a USA |
| 610 | 2 | 0 | |a víno |
| 610 | 2 | 0 | |a priemysel vinársky |
| 610 | 2 | 0 | |a podnikanie rodinné |
| 610 | 2 | 0 | |a podnik rodinný |
| 100 | 1 | |a Petlina, Anastasia | |